Sozialraumorientierung im ländlichen Raum
| Main Author: | |
|---|---|
| Format: | Print Article |
| Language: | German |
| Check availability: | HBZ Gateway |
| Interlibrary Loan: | Interlibrary Loan for the Fachinformationsdienste (Specialized Information Services in Germany) |
| Published: |
2020
|
| In: |
Kirche im Quartier: die Praxis
Year: 2020, Pages: 212-224 |
| Further subjects: | B
Social space
B Church B Rural area |
MARC
| LEADER | 00000caa a22000002c 4500 | ||
|---|---|---|---|
| 001 | 1759174521 | ||
| 003 | DE-627 | ||
| 005 | 20220712161048.0 | ||
| 007 | tu | ||
| 008 | 210529s2020 xx ||||| 00| ||ger c | ||
| 020 | |a 9783374065233 | ||
| 035 | |a (DE-627)1759174521 | ||
| 035 | |a (DE-599)KXP1759174521 | ||
| 040 | |a DE-627 |b ger |c DE-627 |e rda | ||
| 041 | |a ger | ||
| 084 | |a 1 |2 ssgn | ||
| 100 | 1 | |e VerfasserIn |0 (DE-588)141411503 |0 (DE-627)627300650 |0 (DE-576)323764622 |4 aut |a Winkler, Marlis | |
| 109 | |a Winkler, Marlis | ||
| 245 | 1 | 0 | |a Sozialraumorientierung im ländlichen Raum |
| 264 | 1 | |c 2020 | |
| 336 | |a Text |b txt |2 rdacontent | ||
| 337 | |a ohne Hilfsmittel zu benutzen |b n |2 rdamedia | ||
| 338 | |a Band |b nc |2 rdacarrier | ||
| 650 | 0 | 7 | |0 (DE-588)4116546-9 |0 (DE-627)105805947 |0 (DE-576)209502436 |a Sozialraum |2 gnd |
| 650 | 0 | 7 | |0 (DE-588)4034026-0 |0 (DE-627)106254863 |0 (DE-576)209004657 |a Ländlicher Raum |2 gnd |
| 650 | 0 | 7 | |0 (DE-588)4030702-5 |0 (DE-627)104731745 |0 (DE-576)208988742 |a Kirche |2 gnd |
| 773 | 0 | 8 | |i Enthalten in |t Kirche im Quartier: die Praxis |d Leipzig : Evangelische Verlagsanstalt, 2020 |g (2020), Seite 212-224 |h 320 Seiten |w (DE-627)1681836882 |z 9783374065233 |z 3374065236 |7 nnam |
| 773 | 1 | 8 | |g year:2020 |g pages:212-224 |
| 935 | |a mteo | ||
| 951 | |a AR | ||
| ELC | |b 1 | ||
| LOK | |0 000 xxxxxcx a22 zn 4500 | ||
| LOK | |0 001 393232644X | ||
| LOK | |0 003 DE-627 | ||
| LOK | |0 004 1759174521 | ||
| LOK | |0 005 20210529045102 | ||
| LOK | |0 008 210529||||||||||||||||ger||||||| | ||
| LOK | |0 035 |a (DE-Tue135)1681836882_2020_212 | ||
| LOK | |0 040 |a DE-Tue135 |c DE-627 |d DE-Tue135 | ||
| LOK | |0 092 |o n | ||
| LOK | |0 852 |a DE-Tue135 | ||
| LOK | |0 852 1 |9 00 | ||
| LOK | |0 935 |a imwa |a ixau |a ixrk | ||
| LOK | |0 939 |a 29-05-21 |b l01 | ||
| ORI | |a SA-MARC-ixtheoa001.raw | ||
| STA | 0 | 0 | |a Church,Church,Church,Church in literature,Rural area,Social space,Social environment |
| STB | 0 | 0 | |a Espace rural,Campagne,Campagne,Espace social,Église,Église |
| STC | 0 | 0 | |a Espacio social,Iglesia,Iglesia,Región rural |
| STD | 0 | 0 | |a Chiesa,Chiesa,Spazio rurale,Spazio sociale |
| STE | 0 | 0 | |a 农村地区,乡郊地区,教会,教会,社会空间 |
| STF | 0 | 0 | |a 教會,教會,社會空間,農村地區,鄉郊地區 |
| STG | 0 | 0 | |a Espaço social,Igreja,Igreja,Região rural |
| STH | 0 | 0 | |a Сельский район,Социальное пространство,Церковь (мотив),Церковь |
| STI | 0 | 0 | |a Αγροτική περιοχή,Εκκλησία (μοτίβο),Εκκλησία,Κοινωνικός χώρος |
| SYE | 0 | 0 | |a Sozialer Raum,Raum,Sozialräume , Land <Ländlicher Raum>,Agrarraum,Ländliche Region,Ländliches Gebiet,Land,Agrarraum,Ländliche Region,Ländliches Gebiet , Church,Christliche Kirche,Christliche Kirche,Ekklesia , Rosenberg-Kirche,Notre-Dame-de-l'Assomption,Ste-Trinité,Sainte-Trinité |